| 000 | 01123nam a22002777a 4500 | ||
|---|---|---|---|
| 999 |
_c115664 _d115664 |
||
| 003 | dpl | ||
| 005 | 20190225113516.0 | ||
| 008 | 190225b ||||| |||| 00| 0 eng d | ||
| 010 | _aB-070681 | ||
| 020 |
_c250.00 _a8188066052 |
||
| 035 | _aB-070681, B-070685 | ||
| 037 | _bCen Lib/Ret | ||
| 040 |
_aDPL _bHN _c0 |
||
| 082 |
_a812 _bकालिदा |
||
| 100 |
_aकालिदास _962616 |
||
| 245 |
_aअभिज्ञान शकुन्तल / _cकालिदास |
||
| 246 |
_aAbhigyan shakuntal _bby Kalidass |
||
| 260 |
_a दिल्ली _bजगत राम एंड कम्पनी _c2001 |
||
| 270 |
_aए -334, नई सब्जी मंडी बेसमेंट आजादपुर _b दिल्ली _e110033 |
||
| 300 |
_a224पृष्ठ. _c21सेमी(सजिल्द) |
||
| 650 |
_aहिंदी साहित्य _962617 |
||
| 650 |
_aहिंदी नाटक-कालिदास _9131 |
||
| 650 |
_ahindi literature _962618 |
||
| 650 |
_aHindi play - Kalidasa _962619 |
||
| 942 |
_2ddc _cHN _h812 _mकलिदा |
||